• 首页
  • 本馆介绍
  • 公告通知
  • 最新文献
  • 馆藏检索
  • 电子资源
  • 读者导购
  • 参考咨询
  • 我的图书馆
  • 登录
  • 详细信息显示
  • 放入我的书架
  • 预约/预借图书
  • 作者相关作品
  • 分类相关作品
  • 丛书相关作品
  • 出版社相关作品

书目信息

  • 表格格式
  • 工作单格式
  • 卡片格式
题名:
中级英语练习汇编
    
 
作者: 秦小孟 编译
分册:  
出版信息: 上海   外语教育出版社  1981
页数: 332页
开本: 19cm
丛书名:
单 册:
中图分类: H314 , H31
科图分类:
主题词: 英语-语法 , 语法-英语 , 英语
电子资源:
ISBN:
000 00703nam0 2200277 45
001 0181005870
005 20040509145457.4
010    @dCNY0.98
091    @a7218.029
100    @a19950612d1981 em y0chiy0121 ea
101 2  @achi@aeng
102    @aCN@b310000
105    @ay z 000yy
106    @ar
200 10 @a中级英语练习汇编@Azhong ji ying yu lian xi hui bian@f秦小孟编译
210    @a上海@c外语教育出版社@d1981
215    @a332页@d19cm
606    @a英语-语法
606    @a语法-英语
606 0  @a英语
690    @aH314@v3
690    @aH31
701  0 @a秦小孟@Aqin xiao meng@4编译
801  0 @aCN@b上海图书馆@c20040509
801  2 @aCN@bNLC@c20040509
905    @f1@b128100@dH31@e125
    
    中级英语练习汇编/秦小孟编译.-上海:外语教育出版社,1981
    332页;19cm
    
    
    ISBN :CNY0.98
    
●
相关链接 在E读中查询图书 在五车中查询图书 在当当中查询图书 在豆瓣中查询图书


正题名:中级英语练习汇编     索取号:H31/125         预约/预借

序号 登录号 条形码 馆藏地/架位号 状态 备注
1 0128100   000926797   第四借阅区/ [索取号:H31/125] 在馆    
2 0128101   000926671   密集书库/ [索取号:H31/125] 在馆    
3 0128102   000926715   第二样本阅览室/ [索取号:H31/125] 在馆    
唐山师范学院图书馆 欢迎您!
大连网信软件有限公司© 版权所有